Discurso pronunciado por el C. Severo Cosío, orador nombrado por la junta patriótica de Fresnillo en la solemnidad del...

Detalles Bibliográficos
Autor principal: COSIO, Severo
Formato: Libro
Publicado: Zacatecas s.d.
Materias:
Colección:Banco de datos
Acervo:Biblioteca del Ex Convento de Nuestra Señora de Guadalupe. Zacatecas
Tema general:Historia Civil
Notas:Buena. X,9,13(3260). Encuadernada en un solo volumen con doce más. Sin marca de fuego
LEADER 00807nam a22001930004500
035 |a 42228 
036 |a 3412 
100 1 |a COSIO, Severo 
245 1 0 |a Discurso pronunciado por el C. Severo Cosío, orador nombrado por la junta patriótica de Fresnillo en la solemnidad del... 
260 |a Zacatecas  |b Mariano Torres Cantabrana  |c s.d. 
500 |a Buena. X,9,13(3260). Encuadernada en un solo volumen con doce más. Sin marca de fuego 
650 1 0 |a Historia Civil 
949 |a CRZ-CG 
959 |a Ex convento de Nuestra Señora de Guadalupe, Museo Regional de Zacatecas, Zacatecas  |b CCC4 
960 |a Convento de Nuestra Señora de Guadalupe, Zacatecas  |b DD87 
961 |a Franciscana  |b OF 
942 |c CRZ-CG 
943 |g Biblioteca del Ex Convento de Nuestra Señora de Guadalupe. Zacatecas 
999 |c 966355  |d 966355